Responses for show #3808 - Wednesday, March 7, 2001

Rick Knutsen game 2.

Contestants

[<< previous game]

Jim Oddie, a management consultant from Alameda, California

Dorene Smith, a law librarian from Portland, Oregon

Rick Knutsen, a musician from Brooklyn, New York (whose 1-day cash winnings total $8,400)

[next game >>]

Jeopardy! Round responses

NATIVE AMERICANA
I LOVE CANDY
SPORTS FIRSTS ON THE FIRST
SCIENCE CLASS
"DIS"INTEGRATION
DO YOU SMELL SOMETHING?
    $100 12
Reservations

Dorene
    $100 7
Candy cane

Rick
    $100 6
Lou Gehrig

Dorene
    $100 17
Diabetes

Jim
    $100 1
Disbar

Rick
    $100 26
Bouquet

Rick
    $200 13
(J: Who is James Feminore Cooper?)
(Alex: Jim, you inverted two of the letters in the name)

James Fenimore Cooper

RickJim
    $200 19
Lollipop

Rick
    $200 8
Hat trick

Rick
    $200 18
South pole

Dorene
    $200 2
Dismount

Rick
    $200 27
Potpourri

Rick
    $300 14
Rawhide

Rick
    $300 20
Willy Wonka

Rick
    $900 9
Orange Bowl

Rick
    $300 23
(Note: "Closest" was incorrectly spelled "Closet" when this clue was shown)

Mars

Rick
    $300 3
Dispatcher

Rick
    $300 28
Funk

Rick
    $400 15
Wampum

Rick
    $400 21
John Candy

Rick
    $400 10
Jack Nicklaus

Rick
    $400 24
Heat

Triple Stumper
    $400 4
Discharged

Dorene
    $400 29
Eau de toilette

Dorene
    $500 16
Terrapin

Triple Stumper
    $500 22
Tennessee Williams

Rick
    $500 11
Four Horsemen of Notre Dame

Jim
    $500 25
Harmonic vibration

Rick
    $500 5
Disciplinarian

Rick
    $500 30
Sachet

Dorene

Scores at the first commercial break (after clue 15):

Rick Dorene Jim
$3,600 $600 $300

Scores at the end of the Jeopardy! Round:

Rick Dorene Jim
$6,400 $1,700 $400

Double Jeopardy! Round responses

BIRTH OF A PRESIDENT
CRIME-TIME TELEVISION
THANKS FOR THE MEMOIRS
NOTABLE WOMEN
"PRO"s
CANNES
    $200 1
Franklin D. Roosevelt

Jim
    $200 6
Mannix

Dorene
    $200 13
J.D. Salinger

Rick
    $200 7
Chess

Dorene
    $200 21
Profile

Dorene
    $200 30
French Riviera

Rick
    $400 2
John F. Kennedy

Jim
    $400 10
The Sopranos

Jim
    $1,400 14
Lance Armstrong

Rick
    $400 8
Glenda Jackson

Triple Stumper
    $400 22
Prometheus

Rick
    $400 26
Beverly Hills

Rick
    $600 3
George (H.W.) Bush

Jim
    $600 11
Theo Kojak

Triple Stumper
    $600 15
Girl, Interrupted

Triple Stumper
    $600 9
Royal Observatory at Greenwich

Triple Stumper
    $600 23
Programmer

Rick
    $600 27
Napoleon

Rick
    $1,500 4
Calvin Coolidge

Jim
    $800 12
(D: What is Miami?)

Hawaiian

Dorene
Triple Stumper
    $800 16
Ronnie Spector

Rick
    $800 19
Benazir Bhutto

Triple Stumper
    $800 24
Projectile

Jim
    $800 28
Tourism

Jim
    $1000 5
William McKinley

Triple Stumper
    $1000 18
(J: What is Homicide?)

LAPD

Jim
Triple Stumper
    $1000 17
Jane Alexander

Rick
    $1000 20
Chile

Triple Stumper
    $1000 25
(with a minute left to go...)

Procrastinate

Dorene
    $1000 29
Jane Campion (for "The Piano")

Rick

Scores at the end of the Double Jeopardy! Round:

Rick Dorene Jim
$13,000 $2,500 $4,100
(lock game)

[wagering suggestions for these scores]

Final Jeopardy! Round responses

LITERATURE & FILM
(Alex: Rick, if I were in your position, I would have put down Jesse James!)
DoreneWho is Shakespeare
$2,500
JimWho is ?
$1,000
RickWho is Henry James?
$2,000
Henry James

Final scores:

Rick Dorene Jim
$15,000 $0 $3,100
2-day champion: $23,400 3rd place: Epson Prize Package 2nd place: Trip to Puerto Vallarta, Mexico

Game dynamics:

Coryat scores:

Rick Dorene Jim
$11,400 $2,500 $3,400
30 R
(including 2 DDs),
0 W
10 R,
1 W
9 R
(including 1 DD),
2 W

Combined Coryat: $17,300

The J! Archive is created by fans, for fans. The Jeopardy! game show and all elements thereof, including but not limited to copyright and trademark thereto, are the property of Jeopardy Productions, Inc. and are protected under law. This website is not affiliated with, sponsored by, or operated by Jeopardy Productions, Inc. Join the discussion at JBoard.tv.